=LDR 00000nam 2200000 4500 =001 INLIS000000000038358 =005 20130612144028 =008 ***********************************Ind** =035 ##$$0010-061300000038358 =041 ##$$a Ind =082 ##$$a 641.69 =090 ##$$a 641.69, Win m =100 ##$$a Winata, Mary =245 ##$$a Masakan sehat =260 ##$$a 2010 $b Jakarta =300 ##$$a 56 hlm, Ilus, 22 cm =650 ##$$a Masakan, Ikan =700 ##$$a Hardiman, Intarina =850 ##$$a NBPNMAT